000 00676cam a2200241 4500
001 M2045
008 090401t1996 xxu||||| |||| 00| 0 eng d
035 _a(Sirsi) u36210
041 _aeng
050 _a333.0023
090 _aRICS 1996/4AB
110 _aRoyal Institution of Chartered Surveyors
_94900
245 _a(Careers literature pack).
260 _aLondon
_bRICS
_c1996
300 _a6 items in folder.
350 _a0
520 _aB copy located at enquiry desk.
650 _aCAREERS, EDUCATION AND TRAINING
650 _aABOUT RICS-RICS MEMBERS
690 _aMANAGEMENT-BUSINESS MANAGEMENT-PROFESSIONAL PRACTICE
942 _n0
948 _c04/03/1997
999 _c90213
_d90213